¿Hermenéutica o heurística? : teoría de campo y conceptos aristotélicos : respuesta a Ricardo Pérez-Almonacid (Record no. 187828)

MARC details
000 -CABECERA
campo de control de longitud fija 01471nab a2200253 a 4500
005 - FECHA Y HORA DE LA ÚLTIMA TRANSACCIÓN
campo de control 20250319180220.0
008 - ELEMENTOS DE LONGITUD FIJA--INFORMACIÓN GENERAL
campo de control de longitud fija 991125c2015 mx qr p o 000 0 spa d
035 ## - NÚMERO DE CONTROL DEL SISTEMA
Número de control de sistema UPN01000215728
040 ## - FUENTE DE LA CATALOGACIÓN
Centro catalogador/agencia de origen UPN
Lengua de catalogación spa
Centro/agencia transcriptor UPN
Normas de descripción aacr2
049 ## - COLECCIÓN
Colección ART-E
100 1# - ASIENTO PRINCIPAL--NOMBRE PERSONAL
Nombre de persona Ribes Iñesta, Emilio,
Enlace - eribes@uv.mx
245 01 - MENCIÓN DE TÍTULO
Título ¿Hermenéutica o heurística? : teoría de campo y conceptos aristotélicos : respuesta a Ricardo Pérez-Almonacid
506 0# - NOTA DE RESTRICCIONES AL ACCESO
Limitaciones de acceso Acceso abierto
520 3# - NOTA DE RESUMEN, ETC.
Sumario, etc. Se destaca la dificultad de una interpretación fidedigna de los textos aristotélicos debido a la carencia de los originales, de la diversidad de las traducciones y de las diferencias lingüísticas y culturales que nos separan en tiempo. Se subraya que los tratados acerca del alma no son propiamente psicológicos, sino biológicos. A pesar de ello, han influido en el modelo lógico interconductual. Se expone como los conceptos aristotélicos sobre la causalidad tienen un valor heurístico importante para el análisis de proceso en la teoría de la conducta.
650 #4 - ASIENTO SECUNDARIO DE MATERIA - TERMINO TEMATICO
Término de materia o nombre geográfico como elemento de entrada Hermenéutica
9 (RLIN) 5799
650 #2 - ASIENTO SECUNDARIO DE MATERIA - TERMINO TEMATICO
Término de materia o nombre geográfico como elemento de entrada Causalidad
9 (RLIN) 6519
653 0# - TERMINO DE INDIZACION - NO CONTROLADO
Término no controlado Heurística
653 0# - TERMINO DE INDIZACION - NO CONTROLADO
Término no controlado Textos aristotélicos
773 ## - ENLACE AL DOCUMENTO FUENTE/ENTRADA DE REGISTRO ANFITRIÓN
Parte(s) relacionada(s) Vol. 23, no. 1 (2015), p. 47-54
Título Acta comportamentalia : revista latina de análisis del comportamiento
Número Internacional Normalizado para Publicaciones Seriadas 0188-8145
856 4# - LOCALIZACIÓN Y ACCESO ELECTRÓNICOS
Identificador Uniforme del Recurso <a href="https://actacomportamentalia.cucba.udg.mx/index.php/acom/article/view/49608">https://actacomportamentalia.cucba.udg.mx/index.php/acom/article/view/49608</a>
902 ## - ELEMENTOS DE DATOS B LOCAL, LDB (RLIN)
Creó Gloria Jiménez/1124
905 ## - TIPO DE MATERIAL
Tipo de material Articulo
942 ## - ELEMENTOS DE PUNTO DE ACCESO ADICIONAL (KOHA)
Tipo de ítem Koha Artículo Electrónico
Holdings
Estado de retiro Estado de pérdida Estado dañado No para préstamo Código de colección Localización permanente Ubicación/localización actual Ubicación en estantería Fecha de adquisición Total de préstamos Fecha visto por última vez Identificador Uniforme del Recurso Precio válido a partir de Tipo de ítem Koha
        Acceso abierto Bib. Gregorio Torres Quintero Bib. Gregorio Torres Quintero En línea 14/11/2024   14/11/2024 https://actacomportamentalia.cucba.udg.mx/index.php/acom/article/view/49608 14/11/2024 Artículo Electrónico